| 000 | 00630nam a22001937a 4500 | ||
|---|---|---|---|
| 999 |
_c7358 _d7358 |
||
| 003 | AR-CdUCM | ||
| 008 | 190320b ||||| |||| 00| 0 spa d | ||
| 040 |
_aMUNICIPALIDAD PROVINCIAL DEL CUSCO _cBIBLIOTECA MUNICIPAL DEL CUSCO |
||
| 082 |
_a869.56 / _bH96 |
||
| 100 |
_aHurtado de Mendoza, W. _920729 |
||
| 245 |
_aYachanaykipaq taki : _bcanción para que aprendas / |
||
| 260 |
_aLima : _bPerugraph, _c1977. |
||
| 300 |
_a116 páginas ; _c21 cm. |
||
| 500 | _aejemplar 2: Dedicatoria a Luis Nieto Poesía bilingue | ||
| 650 |
_aPoesia peruana _99599 |
||
| 650 |
_aSiglo XX _98 |
||
| 942 |
_2ddc _cLIBROS |
||
| 945 |
_apjha _d2019-04-17 |
||